[Event "31. DSenEM2019 Gruppe 65+"]
[Site "Radebeul"]
[Date "2019.04.30"]
[Round "5.52"]
[White "Ollek, Karl-Heinz"]
[Black "Zimmermann, Manfred"]
[Result "0-1"]
[WhiteElo "1626"]
[BlackElo "1968"]
[Annotator "lenovo"]
[PlyCount "88"]
[EventDate "2019.??.??"]
[WhiteTeam "SC Friesen Lichtenberg"]
[BlackTeam "Kieler SG"]

 1. c4 e6 2. Nc3
Nf6 3. e4 e5 4. Nf3 d6 5. d3 Be7 6. Be2 O-O 7. O-O c6 8. Bg5 Nbd7 9. d4 h6 10.
Be3 Nh7 11. Qc2 Ng5 12. Bxg5 Bxg5 13. Rad1 Qe7 14. dxe5 dxe5 15. Nxg5 Qxg5 16.
Qd2 Qxd2 17. Rxd2 Nc5 18. f4 exf4 19. Rxf4 Ne6 20. Rf1 f6 21. a3 Re8 22. Rfd1
Nf4 23. Bf3 Be6 24. g3 Ng6 25. Bh5 Kh7 26. b3 Re7 27. Rd8 Rxd8 28. Rxd8 Ne5 29.
Be2 Rd7 30. Rxd7 Nxd7 31. a4 a5 32. Bd3 g6 33. Kf2 Bg4 34. Ke3 Kg7 35. Ne2 Bxe2
36. Bxe2 Kf7 37. Kd4 b6 38. Bg4 Nc5 39. Bd1 Ke7 40. g4 Kd6 41. h4 Ne6+ 42. Ke3
Ke5 43. g5 fxg5 44. hxg5 Nxg5 0-1

[Event "31. DSenEM2019 Gruppe 65+"]
[Site "Radebeul"]
[Date "2019.04.30"]
[Round "5.53"]
[White "Schroeder, Christian"]
[Black "Jacob, Barbara"]
[Result "0-1"]
[WhiteElo "1957"]
[BlackElo "1776"]
[PlyCount "110"]
[EventDate "2019.??.??"]
[WhiteTeam "HSG Uni Rostock"]
[BlackTeam "SK Ochtrup"]

1. c4 Nf6 2. Nf3 d6 3. d4 Bf5 4. Nc3 h6 5. g3 Nbd7 6. Bg2 c6 7. O-O e6 8. Nh4
Bh7 9. e4 e5 10. d5 Be7 11. Nf5 Bxf5 12. exf5 c5 13. a4 O-O 14. Qe2 a6 15. g4
Nh7 16. Ne4 Ndf6 17. Ng3 Qd7 18. a5 Rab8 19. Ra3 b5 20. axb6 Rxb6 21. Re1 Rfb8
22. h3 Bf8 23. Ra2 Qc8 24. Kh1 Rb3 25. h4 g5 26. h5 Bg7 27. Be4 Nf8 28. Bc2
R3b4 29. f3 N8d7 30. b3 Qb7 31. Bd2 Rb6 32. Ba5 Rxb3 33. Bxb3 Qxb3 34. Bc7 Rb4
35. Rc1 e4 36. Nxe4 Nxe4 37. fxe4 Be5 38. Kg1 Qg3+ 39. Kf1 Qf4+ 40. Kg2 Qxc1
41. Rc2 Qf4 42. Ba5 Qh2+ 43. Kf1 Qxe2+ 44. Kxe2 Rb2 45. Rxb2 Bxb2 46. Bc7 Be5
47. Bd8 Kf8 48. Ba5 Bf4 49. Bc7 Ke7 50. Ba5 Ne5 51. Bc3 Kf6 52. Be1 Nxg4 53.
Kd3 Ne5+ 54. Kc3 g4 55. Bf2 g3 0-1

[Event "31. DSenEM2019 Gruppe 65+"]
[Site "Radebeul"]
[Date "2019.04.30"]
[Round "5.54"]
[White "Walther, Reinhard"]
[Black "Möws, Harald"]
[Result "1-0"]
[WhiteElo "2042"]
[BlackElo "1737"]
[PlyCount "83"]
[EventDate "2019.??.??"]
[WhiteTeam "SK Herzogenaurach"]
[BlackTeam "SV Einheit Schwerin"]

1. d4 e6 2. Bf4 d5 3. e3 a6 4. Bd3 Nd7 5. Nf3 b5 6. Nbd2 c5 7. c3 c4 8. Bc2 a5
9. Ng5 g6 10. h4 Be7 11. Ndf3 Bb7 12. h5 Bxg5 13. Bxg5 f6 14. hxg6 Kf8 15. Rxh7
Rxh7 16. gxh7 Kg7 17. hxg8=Q+ Qxg8 18. Bf4 Kf7 19. Bg3 Qh8 20. Ke2 e5 21. dxe5
fxe5 22. Qh1 e4 23. Ne5+ Ke6 24. Qxh8 Rxh8 25. Nxd7 Kxd7 26. Rg1 Rg8 27. Bf4
Kc6 28. g4 Bc8 29. g5 Rg6 30. f3 Bf5 31. fxe4 dxe4 32. Bd1 b4 33. Kd2 Rg7 34.
Be2 Kc5 35. Be5 Rd7+ 36. Bd4+ Kd5 37. Bg4 Ke6 38. Bxf5+ Kxf5 39. g6 Rd8 40. g7
Rg8 41. Rf1+ Kg6 42. Rf8 1-0

[Event "31. DSenEM2019 Gruppe 65+"]
[Site "Radebeul"]
[Date "2019.04.30"]
[Round "5.55"]
[White "Josting, Friedel"]
[Black "Haase, Wolfgang"]
[Result "0-1"]
[WhiteElo "1855"]
[BlackElo "2013"]
[Annotator "lenovo"]
[PlyCount "78"]
[EventDate "2019.??.??"]
[WhiteTeam "SG Bünde"]
[BlackTeam "SVG Caissa Kassel"]

1. d4 g6 2. g3 Bg7 3. Bg2 d5 4. Nf3 Nf6 5. c4 c6 6. b3 O-O 7. O-O Ne4 8. Bb2
Nd7 9. Nc3 Ndf6 10. cxd5 cxd5 11. Rc1 Bf5 12. Nh4 Be6 13. Nf3 Rc8 14. Nd2 Nd6
15. e3 Qa5 16. Qe2 b5 17. Nf3 b4 18. Na4 Nfe4 19. Qd3 Bd7 20. Rfe1 Bxa4 21.
bxa4 Qxa4 22. Qb1 Nc4 23. Red1 Rc6 24. Bh3 e6 25. Bf1 Rfc8 26. Bd3 Nxb2 27.
Qxb2 Nc3 28. Re1 Qxa2 29. Qxa2 Nxa2 30. Ra1 b3 31. Nd2 Nb4 32. Bb5 b2 33. Rab1
Rc1 34. Kf1 R1c2 35. Red1 Na2 36. Bd3 Rc1 37. Ke1 Nb4 38. Ke2 R1c3 39. Rxb2
Nxd3 {(Zeit)} 0-1

[Event "31. DSenEM2019 Gruppe 65+"]
[Site "Radebeul"]
[Date "2019.04.30"]
[Round "5.56"]
[White "Prause, Dieter"]
[Black "Orlova, Liubov"]
[Result "0-1"]
[WhiteElo "1760"]
[BlackElo "1988"]
[PlyCount "48"]
[EventDate "2019.??.??"]
[WhiteTeam "SK Delbrück"]
[BlackTeam "TSV IFA Chemnitz"]

1. c4 Nf6 2. Nc3 d5 3. cxd5 Nxd5 4. Nf3 g6 5. g3 Bg7 6. Bg2 c6 7. O-O O-O 8.
Qb3 Nb6 9. Rd1 Be6 10. Qc2 Na6 11. a3 Nc5 12. b4 Bb3 13. Qb1 Bxd1 14. bxc5 Na4
15. Bb2 Nxb2 16. Qxb2 Bxe2 17. Qxb7 Bxf3 18. Bxf3 Qxd2 19. Ne4 Qd3 20. Ng5 Bxa1
21. Bxc6 Rab8 22. Qxe7 Rb1+ 23. Kg2 Qf1+ 24. Kf3 Qh1+ 0-1

[Event "31. DSenEM2019 Gruppe 65+"]
[Site "Radebeul"]
[Date "2019.04.30"]
[Round "5.57"]
[White "Kundt, Günther"]
[Black "Strehlow, Horst"]
[Result "1-0"]
[WhiteElo "1736"]
[BlackElo "1946"]
[PlyCount "97"]
[EventDate "2019.??.??"]
[WhiteTeam "SSC Graal-Müritz"]

1. d4 Nf6 2. c4 e6 3. Nf3 d5 4. cxd5 exd5 5. Nc3 c6 6. Bg5 Be7 7. e3 O-O 8. Bd3
h6 9. Bh4 b6 10. O-O Bb7 11. Qc2 Nbd7 12. Rac1 Re8 13. Rfd1 Ne4 14. Bxe7 Qxe7
15. Qa4 a6 16. Re1 b5 17. Qd1 c5 18. Bxe4 dxe4 19. Nd2 f5 20. Qh5 Qf6 21. Ne2
Rac8 22. Nb3 Bd5 23. Red1 Bf7 24. Qh3 c4 25. Nd2 Nb6 26. a3 g5 27. g3 Kh7 28.
Qf1 Bh5 29. Kh1 Nd5 30. Re1 Rc6 31. Nc3 Nxc3 32. bxc3 Rce6 33. Qh3 Bg4 34. Qf1
f4 35. h3 fxe3 36. fxe3 Qxf1+ 37. Rxf1 Bxh3 38. Rf2 Bg4 39. a4 bxa4 40. Nxc4
Bf3+ 41. Kg1 Rb8 42. Ne5 a5 43. c4 Rb3 44. c5 Rxe3 45. c6 Re8 46. c7 Rc8 47. d5
Rb3 48. d6 e3 49. Rfc2 1-0

[Event "31. DSenEM2019 Gruppe 65+"]
[Site "Radebeul"]
[Date "2019.04.30"]
[Round "5.58"]
[White "Wolke, Reimund"]
[Black "Kurpiela, Franz"]
[Result "1-0"]
[WhiteElo "1916"]
[BlackElo "1731"]
[PlyCount "82"]
[EventDate "2019.??.??"]
[WhiteTeam "Hamburger SK"]
[BlackTeam "TSG Öhringen"]

1. e4 e5 2. Nf3 Nf6 3. Nxe5 d6 4. Nf3 Nxe4 5. Nc3 Nf6 6. d4 d5 7. Bd3 Bb4 8.
O-O O-O 9. h3 Be6 10. Bf4 Bd6 11. Bg5 h6 12. Be3 a6 13. Ne2 Nc6 14. c3 Nd7 15.
Nf4 Re8 16. Qd2 Nf8 17. b4 Na7 18. Rfe1 c6 19. Re2 Bd7 20. Rae1 Qc8 21. a4 Bf5
22. Qc2 Bxd3 23. Qxd3 Qc7 24. Qd2 Re4 25. Nd3 Rae8 26. Nde5 f6 27. Nd3 Nc8 28.
Qd1 Nb6 29. Nd2 R4e6 30. Nc5 Bxc5 31. bxc5 Nc8 32. g3 Ng6 33. Nf1 Qa5 34. Qc2
Kf7 35. Rb1 R6e7 36. c4 dxc4 37. Qxc4+ Kf8 38. Reb2 Rd8 39. Rxb7 Rxb7 40. Rxb7
Nge7 41. Bd2 Qxd2 1-0

[Event "31. DSenEM2019 Gruppe 65+"]
[Site "Radebeul"]
[Date "2019.04.30"]
[Round "5.59"]
[White "Gabriel, Rolf"]
[Black "Werl, Ralf-Dieter"]
[Result "1/2-1/2"]
[WhiteElo "1726"]
[BlackElo "1904"]
[PlyCount "154"]
[EventDate "2019.??.??"]
[WhiteTeam "SV Ottendorf-Okrilla"]
[BlackTeam "SV Motor Hainichen"]

 1. d4 d5 2. c4 e6 3. Nc3 Nf6 4. cxd5 exd5 5. Bg5 Be7
6. e3 c6 7. Nf3 Bg4 8. Bd3 Nbd7 9. Qc2 h6 10. Bh4 Nh5 11. Bxe7 Qxe7 12. Nd2 Nf4
13. O-O Nxd3 14. Qxd3 O-O 15. a3 Bh5 16. Rfe1 Bg6 17. e4 Rfe8 18. Qf3 dxe4 19.
Ncxe4 Kh8 20. Kf1 Qh4 21. h3 Re6 22. Re3 Qe7 23. Rae1 Rd8 24. Nc3 Rxe3 25. Rxe3
Qd6 26. Ne2 Nf6 27. Nc4 Qd5 28. Ne5 Qxf3 29. Nxg6+ fxg6 30. Rxf3 c5 31. Ke1
cxd4 32. Rd3 Kg8 33. Rxd4 Rd7 34. f3 Kf7 35. Kd2 Rc7 36. Kd3 Nd7 37. b4 b6 38.
a4 g5 39. Rd5 Nf8 40. Nc3 Ne6 41. g3 Ke7 42. Rf5 Rd7+ 43. Kc4 Rd4+ 44. Kb3 Rd3
45. Kc4 Rd4+ 46. Kb5 Nc7+ 47. Kc6 Rc4+ 48. Kb7 Rxc3 49. Kxa7 Ke6 50. Rf8 Nd5
51. Ka6 Nxb4+ 52. Kxb6 Nd5+ 53. Kb5 Rb3+ 54. Kc6 Nf6 55. a5 Rxf3 56. a6 Ra3 57.
Kb7 Rb3+ 58. Kc6 Rxg3 59. a7 Ra3 60. Kb7 Ra4 61. a8=Q Rxa8 62. Rxa8 Kf5 63. Kc6
Nh5 64. Ra4 Nf4 65. Ra3 Nxh3 66. Rxh3 g4 67. Rh1 g3 68. Kd5 Kg4 69. Ke4 h5 70.
Ke3 h4 71. Ke2 g5 72. Kf1 h3 73. Kg1 g2 74. Rh2 Kh4 75. Kf2 g4 76. Kg1 g3 77.
Rxh3+ Kxh3 1/2-1/2

[Event "31. DSenEM2019 Gruppe 65+"]
[Site "Radebeul"]
[Date "2019.04.30"]
[Round "5.60"]
[White "Rache, Ralf"]
[Black "Pöltelt, Helmut"]
[Result "1/2-1/2"]
[WhiteElo "1903"]
[BlackElo "1711"]
[PlyCount "45"]
[EventDate "2019.??.??"]
[WhiteTeam "Aachener SV"]
[BlackTeam "SC Eintracht Berlin"]

 1. e4 c5 2. Nf3 d6 3. d4 cxd4 4. Nxd4 Nf6 5. Nc3 a6 6. Bc4 e6 7. Bb3 Bd7
8. Be3 Nc6 9. Qe2 Na5 10. f3 Nxb3 11. Nxb3 b5 12. a3 Be7 13. O-O O-O 14. Rad1
Qc7 15. Qf2 Rab8 16. Qg3 Rfd8 17. Bf4 Be8 18. e5 Qb6+ 19. Qf2 Qxf2+ 20. Kxf2
dxe5 21. Bxe5 Rxd1 22. Rxd1 Rd8 23. Rxd8 1/2-1/2

[Event "31. DSenEM2019 Gruppe 65+"]
[Site "Radebeul"]
[Date "2019.04.30"]
[Round "5.61"]
[White "Jürgens, Peter"]
[Black "Nowack, Achim"]
[Result "1/2-1/2"]
[WhiteElo "1899"]
[BlackElo "1696"]
[PlyCount "33"]
[EventDate "2019.??.??"]
[WhiteTeam "SC Tempo Göttingen"]
[BlackTeam "SK Kaltenkirchen"]

1. d4 c5 2. c3 b6 3. Bf4 Bb7 4. e3 g6 5. Nf3 Bg7 6. Be2 Nf6 7. h3 O-O 8. O-O d6
9. a4 Nbd7 10. Bh2 Rc8 11. Nbd2 Ne4 12. Nxe4 Bxe4 13. Nd2 Bb7 14. Bf3 Bxf3 15.
Nxf3 Nf6 16. Qe2 Qd7 17. e4 1/2-1/2

[Event "31. DSenEM2019 Gruppe 65+"]
[Site "Radebeul"]
[Date "2019.04.30"]
[Round "5.62"]
[White "Mortensen, Manfred"]
[Black "Schmitt, Karl"]
[Result "0-1"]
[WhiteElo "1657"]
[BlackElo "1884"]
[PlyCount "124"]
[EventDate "2019.??.??"]
[WhiteTeam "BSV Chemie Radebeul"]
[BlackTeam "Bergische SF"]

1. Nf3 d6 2. d4 Nf6 3. c4 g6 4. g3 Bg7 5. Bg2 O-O 6. O-O Nbd7 7. Nc3 c6 8. b3
Re8 9. e4 Qa5 10. Bd2 Qc7 11. Rc1 e5 12. d5 Nc5 13. Qc2 a5 14. Be3 Ng4 15. Bxc5
dxc5 16. dxc6 bxc6 17. Na4 Bf8 18. Rcd1 f6 19. Qd2 Kg7 20. h3 Nh6 21. Qe3 Qa7
22. Rd2 Nf7 23. Rfd1 Be6 24. Nh4 Red8 25. f4 Rxd2 26. Rxd2 Rd8 27. fxe5 fxe5
28. Nf3 Rxd2 29. Qxd2 Qc7 30. Ne1 Nd8 31. g4 Nb7 32. g5 Qd6 33. Qxd6 Bxd6 34.
h4 h6 35. Nf3 Bg4 36. Kf2 Bxf3 37. Kxf3 hxg5 38. hxg5 Nd8 39. Bh3 Kf7 40. Bc8
Ke7 41. Nb6 Nf7 42. Kg4 Bc7 43. Na4 Kd6 44. Nc3 Bd8 45. Na4 Bb6 46. Nc3 Bd8 47.
Na4 Nxg5 48. Nc3 Kc7 49. Bf5 gxf5+ 50. exf5 Kd6 51. Ne2 Ne4 52. Kf3 Nf6 53. Nc3
Bc7 54. Ke3 Bd8 55. Kf3 Be7 56. Na4 Bf8 57. Nc3 Bh6 58. Ne4+ Nxe4 59. Kxe4 Bf4
60. a4 Ke7 61. Kf3 Kf6 62. Ke4 Kg5 0-1

[Event "31. DSenEM2019 Gruppe 65+"]
[Site "Radebeul"]
[Date "2019.04.30"]
[Round "5.63"]
[White "Leisen, Peter"]
[Black "Fauth, Frank"]
[Result "1/2-1/2"]
[WhiteElo "1872"]
[BlackElo "1671"]
[PlyCount "46"]
[EventDate "2019.??.??"]
[WhiteTeam "SV Bönen"]
[BlackTeam "SV Jena"]

1. d4 Nf6 2. Nf3 d5 3. g3 e6 4. Bg2 Nbd7 5. O-O b6 6. b3 c5 7. Bb2 Bb7 8. Ne5
cxd4 9. Qxd4 Bc5 10. Qd3 Be7 11. c4 O-O 12. Nd2 dxc4 13. Ndxc4 Bxg2 14. Kxg2
Nxe5 15. Nxe5 Qxd3 16. Nxd3 Nd5 17. Rac1 Rfc8 18. Rxc8+ Rxc8 19. Rc1 Rxc1 20.
Nxc1 f6 21. Nd3 Kf7 22. e4 Nc7 23. f4 b5 1/2-1/2

[Event "31. DSenEM2019 Gruppe 65+"]
[Site "Radebeul"]
[Date "2019.04.30"]
[Round "5.65"]
[White "Bondick, Karl-Heinz"]
[Black "Grube, Kurt"]
[Result "0-1"]
[WhiteElo "1948"]
[BlackElo "1594"]
[PlyCount "120"]
[EventDate "2019.??.??"]
[WhiteTeam "USC Magdeburg"]
[BlackTeam "SG Osnabrück"]

1. d4 Nf6 2. f3 d5 3. e4 dxe4 4. Nc3 exf3 5. Nxf3 e6 6. Bg5 Be7 7. Bd3 Nbd7 8.
Qe2 h6 9. Bd2 c6 10. Ne5 Nxe5 11. dxe5 Nd5 12. Ne4 Qc7 13. O-O-O Qxe5 14. Rhf1
Bd7 15. c4 Nb4 16. Bb1 Qc7 17. a3 Na6 18. Bc3 Rg8 19. g4 Nc5 20. Nxc5 Bxc5 21.
Be5 Qb6 22. b4 Be7 23. c5 Qa6 24. Rd3 Qc4+ 25. Kb2 Qb5 26. Rfd1 Bxc5 27. Qd2
Bxb4 28. Qxb4 Qxe5+ 29. Ka2 O-O-O 30. Qd2 Qc7 31. Qf2 Qb6 32. Qxf7 Rgf8 33.
Qxg7 Rf2+ 34. Ka1 Qc5 35. Rc3 Qb5 36. Rcd3 e5 37. R3d2 Rxd2 38. Rxd2 Qc5 39.
Kb2 Qb6+ 40. Kc1 Qg1+ 41. Kb2 Qxg4 42. Qxe5 Qg5 43. Qc3 Re8 44. Bd3 Qe5 45. Rg2
b5 46. h4 a5 47. Kc2 Qxc3+ 48. Kxc3 Re3 49. Kd2 Rh3 50. Rg8+ Kc7 51. Rg7 Rxh4
52. Ke3 Rh5 53. Kf4 Kd6 54. Rh7 a4 55. Rg7 Rh4+ 56. Ke3 Rh3+ 57. Kd2 h5 58.
Rg6+ Ke5 59. Rg1 Kd4 60. Bf1 Rxa3 0-1

[Event "31. DSenEM2019 Gruppe 65+"]
[Site "Radebeul"]
[Date "2019.04.30"]
[Round "5.66"]
[White "Dellos, Peter"]
[Black "Ludwig, Siegfried"]
[Result "1-0"]
[WhiteElo "1858"]
[BlackElo "1536"]
[PlyCount "53"]
[EventDate "2019.??.??"]
[WhiteTeam "SK Ricklingen"]
[BlackTeam "GSV Hemmingen"]

1. e4 e5 2. Nf3 Nc6 3. Bb5 d6 4. c3 Bd7 5. O-O Nf6 6. d3 h6 7. h3 Be7 8. Be3
O-O 9. Nbd2 a6 10. Ba4 Nh7 11. g4 Be6 12. d4 b5 13. Bc2 Kh8 14. d5 Qd7 15. dxe6
fxe6 16. Kg2 Rf7 17. h4 d5 18. g5 hxg5 19. hxg5 a5 20. exd5 exd5 21. Rh1 Qg4+
22. Kf1 e4 23. Nh4 Qe6 24. Nxe4 dxe4 25. Bb3 Rxf2+ 26. Kxf2 Rf8+ 27. Ke1 1-0

[Event "31. DSenEM2019 Gruppe 65+"]
[Site "Radebeul"]
[Date "2019.04.30"]
[Round "5.67"]
[White "Reeh, Axel"]
[Black "Klimpel, Siegfried"]
[Result "1-0"]
[WhiteElo "1694"]
[BlackElo "1856"]
[Annotator "lenovo"]
[PlyCount "85"]
[EventDate "2019.??.??"]
[WhiteTeam "Bremer SG"]
[BlackTeam "TSV Kareth-Lappersdorf"]

1. Nf3 d5 2. d4 c6 3. Nc3 e6 4. h3 Nd7 5. Bf4 Ngf6 6. e3 Be7 7. Be2 a5 8. O-O
O-O 9. b3 Bb4 10. Nb1 Ne4 11. Qd3 b6 12. Qd1 Ba6 13. Bxa6 Rxa6 14. Qd3 Ra7 15.
a3 Be7 16. Ne5 Nxe5 17. Bxe5 f5 18. f3 Ng5 19. Nd2 Bd6 20. f4 Ne4 21. Nxe4 fxe4
22. Qe2 Be7 23. Qg4 Rf7 24. Qxe6 c5 25. Qg4 cxd4 26. Bxd4 Bf6 27. Qd1 Qd6 28.
a4 Rac7 29. Rc1 Rc6 30. Rf2 Rd7 31. Bxf6 Qxf6 32. Qh5 g6 33. Qg4 Rd8 34. Kh2
Rc3 35. Qe2 d4 36. exd4 Rxd4 37. Rd1 e3 38. Rf3 Rxf4 39. Rxe3 Rxe3 40. Qxe3 Rf2
{(=)} 41. Qe8+ Kg7 42. Rd7+ Kh6 43. Qe3+ 1-0

[Event "31. DSenEM2019 Gruppe 65+"]
[Site "Radebeul"]
[Date "2019.04.30"]
[Round "5.68"]
[White "Molzahn, Norbert"]
[Black "Peter, Volkhard"]
[Result "1-0"]
[WhiteElo "2068"]
[BlackElo "1723"]
[Annotator "lenovo"]
[PlyCount "89"]
[EventDate "2019.??.??"]
[WhiteTeam "SV Motor Hainichen"]
[BlackTeam "SV Einheit Schwerin"]

1. d4 Nf6 2. c4 e5 3. dxe5 Ng4 4. Bf4 Nc6 5. Nf3 Bb4+ 6. Nbd2 Qe7 7. e3 Ngxe5
8. Be2 d6 9. O-O O-O 10. a3 Bxd2 11. Nxd2 Be6 12. b4 a6 13. Rc1 f6 14. Nb3 Qf7
15. Qc2 g6 {(=)} 16. Nd4 Nxd4 17. exd4 Bf5 18. Qd2 Nc6 19. Bf3 Rae8 20. Bd5 Be6
21. Bxe6 Qxe6 22. d5 Qg4 23. dxc6 bxc6 24. f3 Qf5 25. Rfe1 g5 26. Bg3 h5 27.
Bf2 h4 28. Rxe8 Rxe8 29. Re1 Rd8 30. Qe3 d5 31. c5 d4 32. Qb3+ Kf8 33. Rd1 d3
34. Be3 h3 35. Rd2 hxg2 36. Qd1 Kg7 37. Rxg2 Re8 38. Bd2 Qd5 39. f4 Qd4+ 40.
Kf1 Qe4 41. fxg5 Qe2+ 42. Rxe2 dxe2+ 43. Qxe2 Rxe2 44. Kxe2 fxg5 45. Bxg5 1-0

[Event "31. DSenEM2019 Gruppe 65+"]
[Site "Radebeul"]
[Date "2019.04.30"]
[Round "5.69"]
[White "Pundt, Wilfried"]
[Black "Krüger, Bernhard"]
[Result "1-0"]
[WhiteElo "1861"]
[BlackElo "1717"]
[PlyCount "57"]
[EventDate "2019.??.??"]
[WhiteTeam "SK Bremen-Nord"]
[BlackTeam "SC Grunbach"]

 1. e4 c5 2. b4
cxb4 3. a3 d6 4. d4 Nf6 5. Bd3 Nc6 6. Be3 g6 7. d5 Ne5 8. axb4 Bg7 9. Bb5+ Ned7
10. Bd4 O-O 11. Nd2 Nb6 12. Ne2 Bd7 13. Bxd7 Qxd7 14. O-O Qb5 15. c3 a5 16.
bxa5 Nc4 17. Nxc4 Qxc4 18. f3 Rfe8 19. Qd2 Nh5 20. Rfb1 Bxd4+ 21. Nxd4 Qc5 22.
Rb5 Qc7 23. Qb2 Rac8 24. Rxb7 Qxc3 25. Qxc3 Rxc3 26. a6 Rcc8 27. a7 Nf4 28. Nc6
Kf8 29. Rb8 1-0

[Event "31. DSenEM2019 Gruppe 65+"]
[Site "Radebeul"]
[Date "2019.04.30"]
[Round "5.70"]
[White "Ritter, Fred"]
[Black "Keeve, Martin"]
[Result "0-1"]
[WhiteElo "1706"]
[BlackElo "1860"]
[PlyCount "50"]
[EventDate "2019.??.??"]
[WhiteTeam "BSV Chemie Radebeul"]
[BlackTeam "USV TU Dresden"]

1. e4 d6 2. d4 c6 3. f4 Qc7 4. Nc3 Nd7 5. Nf3 e5 6. Bc4 Be7 7. O-O Ngf6 8. Qe1
b5 9. Bb3 b4 10. Na4 Ba6 11. Rf2 O-O 12. h3 Bb5 13. Bd2 a5 14. Rc1 Bxa4 15.
Bxa4 Nb6 16. b3 Nfd7 17. c4 Bf6 18. f5 Nxa4 19. dxe5 dxe5 20. bxa4 Nc5 21. Qe2
Rad8 22. Ne1 Rd7 23. Qe3 Nxa4 24. g4 Be7 25. c5 Qa7 0-1

[Event "31. DSenEM2019 Gruppe 65+"]
[Site "Radebeul"]
[Date "2019.04.30"]
[Round "5.71"]
[White "Wawrinsky, Ludwig"]
[Black "Weber, Martin"]
[Result "1-0"]
[WhiteElo "1676"]
[BlackElo "1848"]
[PlyCount "65"]
[EventDate "2019.??.??"]
[WhiteTeam "SK Neuperlach"]
[BlackTeam "SV Betzdorf-Kirchen"]

1. e4 c5 2. d3 e6 3. f4 d6 4. Nf3 Be7 5. Nc3 a6 6. Bd2 b5 7. Ne2 Bb7 8. g4 Bh4+
9. Nxh4 Qxh4+ 10. Ng3 Ne7 11. Qe2 Nbc6 12. c3 b4 13. Bg2 a5 14. O-O O-O 15. Be1
Qh6 16. Bd2 g6 17. f5 Qh4 18. f6 Nc8 19. Be1 Ne5 20. Rf4 Qg5 21. Bd2 Qh4 22. d4
Ba6 23. Qd1 Nd3 24. Rf1 Nxb2 25. Qb3 Nc4 26. Bf4 e5 27. dxe5 dxe5 28. Bc1 Qxg4
29. cxb4 axb4 30. Nf5 Rd8 31. Bh6 Bb5 32. Qg3 Ra3 33. Qxg4 1-0

[Event "31. DSenEM2019 Gruppe 65+"]
[Site "Radebeul"]
[Date "2019.04.30"]
[Round "5.72"]
[White "Krotofil, Kurt"]
[Black "Baensch, Frank"]
[Result "1-0"]
[WhiteElo "1840"]
[BlackElo "1713"]
[PlyCount "137"]
[EventDate "2019.??.??"]
[WhiteTeam "Niendorfer TSV"]
[BlackTeam "Schach macht fit"]

1. d4 Nf6 2. c4 e6 3. Nc3 d5 4. Bg5 c6 5. e3 Be7 6. Bd3 dxc4 7. Bxc4 b5 8. Bd3
Nbd7 9. Nf3 b4 10. Ne2 Nd5 11. Bxe7 Qxe7 12. O-O a5 13. Qc2 Bb7 14. e4 N5f6 15.
a3 e5 16. axb4 axb4 17. Rxa8+ Bxa8 18. Ra1 O-O 19. Ra7 Qd6 20. Qa4 Qb8 21. dxe5
Nc5 22. Qa5 Nfxe4 23. Bc2 Bb7 24. Qb6 Rd8 25. h3 Ba8 26. Qxb8 Rxb8 27. Ned4 Rc8
28. Ra1 Rd8 29. Re1 f5 30. Nxf5 g6 31. Nh6+ Kg7 32. Ng4 Nd2 33. Nxd2 Rxd2 34.
e6 Rd8 35. Re5 Nb7 36. e7 Re8 37. Ba4 Nd6 38. Re6 Nc8 39. Bxc6 Bxc6 40. Rxc6
Nxe7 41. Rc7 h5 42. Ne3 Kf6 43. Rb7 Nc6 44. Rb6 Re6 45. Nd5+ Ke5 46. Nxb4 Nd4
47. Nd3+ Kf5 48. Rxe6 Nxe6 49. Kf1 Ke4 50. Ke2 Nd4+ 51. Kd2 Nb3+ 52. Kc3 Na5
53. b4 Nc6 54. Kc4 g5 55. Nc5+ Ke5 56. Kb5 Kd5 57. Nb7 Nd4+ 58. Ka4 Kc6 59.
Nd8+ Kd5 60. Nf7 Ne6 61. Ka5 g4 62. hxg4 hxg4 63. Nh6 g3 64. fxg3 Ke5 65. b5
Kf6 66. Ng4+ Kg5 67. Nf2 Kf6 68. b6 Nd8 69. Ka6 1-0

[Event "31. DSenEM2019 Gruppe 65+"]
[Site "Radebeul"]
[Date "2019.04.30"]
[Round "5.73"]
[White "Richter, Andreas"]
[Black "Portsch, Claudius"]
[Result "1/2-1/2"]
[WhiteElo "1814"]
[BlackElo "1659"]
[PlyCount "28"]
[EventDate "2019.??.??"]
[WhiteTeam "BSV Chemie Radebeul"]
[BlackTeam "BSV Chemie Radebeul"]

 1. d4 Nf6 2. c4 e6 3. Nc3 d5 4. e3 c6 5. Bd3
Nbd7 6. Nf3 Bd6 7. c5 Bc7 8. e4 dxe4 9. Nxe4 Nxe4 10. Bxe4 Nf6 11. Bc2 h6 12.
O-O O-O 13. Qd3 Re8 14. Re1 Bd7 1/2-1/2

[Event "31. DSenEM2019 Gruppe 65+"]
[Site "Radebeul"]
[Date "2019.04.30"]
[Round "5.74"]
[White "Mertens, Gottfried"]
[Black "Huber, Helmut"]
[Result "1-0"]
[WhiteElo "1782"]
[BlackElo "1652"]
[PlyCount "99"]
[EventDate "2019.??.??"]
[WhiteTeam "SK Weinheim"]
[BlackTeam "Brackweder SK"]

1. d4 Nf6 2. e3 d5 3. Nf3 Bf5 4. Bd3 Bxd3 5. Qxd3 Nbd7 6. Nbd2 e6 7. b3 c5 8.
Bb2 Rc8 9. O-O Be7 10. Ne5 O-O 11. Ndf3 Ne4 12. Nxd7 Qxd7 13. Ne5 Qc7 14. f3
Nf6 15. c4 cxd4 16. exd4 dxc4 17. bxc4 Rfd8 18. Qe2 Bd6 19. f4 b6 20. Rac1 Qb7
21. Rfe1 Bb4 22. Red1 Ne8 23. g3 Bf8 24. Qg2 Qxg2+ 25. Kxg2 Bd6 26. a4 g6 27.
Nd3 Ng7 28. c5 bxc5 29. dxc5 Be7 30. c6 Ne8 31. Kf3 f6 32. Nf2 Rxd1 33. Nxd1
Nc7 34. Ne3 Rb8 35. Bd4 a6 36. a5 Rb3 37. Bb6 Bd6 38. Rd1 Nd5 39. c7 Rc3 40.
Rd3 Rc1 41. Nxd5 exd5 42. Rxd5 Bxc7 43. Bxc7 Rxc7 44. Rd6 Kf7 45. Rxa6 f5 46.
Ra8 Rc3+ 47. Kg2 Ra3 48. a6 Ke6 49. a7 Kf7 50. Rh8 1-0

[Event "31. DSenEM2019 Gruppe 65+"]
[Site "Radebeul"]
[Date "2019.04.30"]
[Round "5.75"]
[White "Gafke, Manfred"]
[Black "Semisch, Helga"]
[Result "1-0"]
[WhiteElo "1765"]
[BlackElo "1571"]
[PlyCount "93"]
[EventDate "2019.??.??"]
[WhiteTeam "SV Lok Dresden"]
[BlackTeam "ESV Lok Meiningen"]

1. d4 d5 2. Bf4 e6 3. c3 Nd7 4. Nf3 c6 5. e3 Be7 6. Nbd2 f5 7. Bd3 Ngf6 8. O-O
O-O 9. c4 b6 10. cxd5 cxd5 11. Rc1 Nh5 12. Be5 Nxe5 13. Nxe5 Qe8 14. Qe2 Nf6
15. Bb5 Qd8 16. Nc6 Qd6 17. Rc2 Ng4 18. Nf3 Bf6 19. h3 Nh6 20. Rfc1 a6 21. Bd3
Bb7 22. b4 Nf7 23. b5 a5 24. a4 Ng5 25. Nfe5 Qa3 26. Nd7 Rf7 27. Nxb6 Re8 28.
Rc3 Qd6 29. Qc2 Bxc6 30. Rxc6 Qb8 31. Qc3 Bd8 32. Qxa5 Bxb6 33. Qxb6 Rb7 34.
Qc5 Ra7 35. Qb4 f4 36. b6 Rf7 37. Rc7 f3 38. Rxf7 Kxf7 39. Rc7+ Kg8 40. a5 fxg2
41. Kxg2 e5 42. Qc5 e4 43. Qxd5+ Ne6 44. Bb5 Kh8 45. Bxe8 Nxc7 46. bxc7 Qxe8
47. Qd8 1-0

[Event "31. DSenEM2019 Gruppe 65+"]
[Site "Radebeul"]
[Date "2019.04.30"]
[Round "5.76"]
[White "Bouma, Jan"]
[Black "Fritsch, Jürgen"]
[Result "*"]
[WhiteElo "1546"]
[BlackElo "1751"]
[PlyCount "50"]
[EventDate "2019.??.??"]
[WhiteTeam "SF Korbach"]
[BlackTeam "HSK Lister Turm"]

1. d4 d5 2. c4 c6 3. c5 Nf6 4. Nc3 g6 5. e3 Bg7 6. Bd3 Bf5 7. Bxf5 gxf5 8. Qf3
e6 9. Nge2 Nbd7 10. a3 Ne4 11. h4 Ndf6 12. a4 a6 13. Nd1 h5 14. Nf4 e5 15. dxe5
Ng4 16. Nd3 Qd7 17. Rb1 Nxe5 18. Nxe5 Bxe5 19. b4 O-O-O 20. Bb2 f6 21. Bd4 Rdg8
22. Nb2 Rg4 23. Nd3 Bxd4 24. exd4 Nc3 25. Rb2 b5 *

[Event "31. DSenEM2019 Gruppe 65+"]
[Site "Radebeul"]
[Date "2019.04.30"]
[Round "5.77"]
[White "Andrasch, Peter"]
[Black "Thonig, Manfred"]
[Result "1-0"]
[WhiteElo "1740"]
[BlackElo "1564"]
[PlyCount "101"]
[EventDate "2019.??.??"]
[WhiteTeam "SF Nordost Berlin"]

1. f4 e5 2. fxe5 d6 3. Nf3 dxe5 4. e4 Nc6 5. Bb5 Bc5 6. d3 a6 7. Bc4 Nf6 8. Bg5
O-O 9. c3 h6 10. Bh4 Bg4 11. h3 Bh5 12. g4 Bg6 13. Qe2 Rb8 14. a3 Qd6 15. Bf2
b5 16. Bb3 Rbd8 17. Bc2 Rfe8 18. Nbd2 Rd7 19. O-O Nd8 20. Kh1 Ne6 21. Bg3 Nf4
22. Bxf4 exf4 23. Qg2 Qe6 24. Rfe1 Be3 25. Nf1 Qb6 26. Nxe3 fxe3 27. Re2 h5 28.
g5 Nh7 29. Rg1 Nf8 30. Nh4 Rd6 31. d4 Qb7 32. Rxe3 Rde6 33. Nxg6 Nxg6 34. Rge1
Ne7 35. Bb3 Rg6 36. Qf3 Rf8 37. h4 Qc8 38. Rf1 Qg4 39. Qxg4 hxg4 40. Kg2 Nc8
41. e5 Nb6 42. Bc2 Nd5 43. Rg3 Re6 44. Bf5 Re7 45. Bxg4 c6 46. Rf2 c5 47. Rgf3
cxd4 48. cxd4 g6 49. h5 b4 50. hxg6 f5 51. gxf6 1-0